"Writing revolt: an engagement with African nationalism, 1957-67" (Record no. 17334)
[ view plain ]
| 000 -LEADER | |
|---|---|
| fixed length control field | 00387nam a2200133Ia 4500 |
| 008 - FIXED-LENGTH DATA ELEMENTS--GENERAL INFORMATION | |
| fixed length control field | 191206s9999 xx 000 0 und d |
| 020 ## - INTERNATIONAL STANDARD BOOK NUMBER | |
| International Standard Book Number | 9.78185E+12 |
| 090 ## - | |
| -- | DT2979.R36 |
| 245 #0 - TITLE STATEMENT | |
| Title | "Writing revolt: an engagement with African nationalism, 1957-67" |
| 260 ## - PUBLICATION, DISTRIBUTION, ETC. | |
| Place of publication, distribution, etc. | James Currey |
| 260 ## - PUBLICATION, DISTRIBUTION, ETC. | |
| Date of publication, distribution, etc. | c©2013 |
| 300 ## - PHYSICAL DESCRIPTION | |
| Extent | "xii, 206 pages : illustrations ; 21 cm" |
| Withdrawn status | Lost status | Source of classification or shelving scheme | Damaged status | Not for loan | Home library | Current library | Date acquired | Inventory number | Total Checkouts | Full call number | Barcode | Date last seen | Price effective from | Koha item type |
|---|---|---|---|---|---|---|---|---|---|---|---|---|---|---|
| CUZ Bulawayo Campus | CUZ Bulawayo Campus | 06.12.2019 | CUB00750 | DT2979.R36 | BBK002006 | 06.12.2019 | 06.12.2019 | OS Book |